000 00431pab a2200169 454500
008 180718b2011 xxu||||| |||| 00| 0 eng d
100 _aShah, Alpa
245 _aResurrecting scholarship on agrarian transformations
260 _c2011
300 _ap.13-18.
362 _a24 Sep
650 _aAgrarian economics
700 _aHarris-White, Barbara
773 _aEconomic and Political Weekly
908 _aN
909 _a93370
999 _c93370
_d93370